| 000 | 00000nam 2200000za 4500 |
| 001 | 9.675816 |
| 003 | CaOODSP |
| 005 | 20250327153138 |
| 007 | cr ||||||||||| |
| 008 | 150407|2002||||xxc|||||o f|0| 0 iku d |
| 040 | |aCaOODSP|bfre |
| 043 | |an-cn--- |
| 086 | 1 |aH35-4/20-2002Iku2-PDF|zH35-4/20-2002S-PDF |
| 110 | 1 |aCanada. |bSanté Canada. |
| 245 | 10|a[Initiative sur le diabète chez les Autochtones - cadre d'évaluation] |h[ressource électronique]. |
| 250 | |a[Édition inuktitut]. |
| 260 | |aOttawa - Ontario : |bSanté Canada |cFévrier 2002. |
| 300 | |a37p.|bgraphiques, tableaux, photographies |
| 500 | |aLe n° de catalogue (H35-4/20-2002) et l'ISBN (0-662-66385-3) de l'édition imprimée ont été incorrectement copiés dans l'édition électronique. |
| 500 | |aPublié aussi en français sous le titre : Initiative sur le diabète chez les Autochtones - cadre d'évaluation. |
| 546 | |aTexte en inuktitut. |
| 590 | |a12-35-Supp|b2012-08-09 |
| 691 | 07|aAutochtones|2gcpds |
| 691 | 07|aDiabète|2gcpds |
| 691 | 07|aÉvaluation de programme|2gcpds |
| 775 | 08|tInitiative sur le diabète chez les Autochtones - cadre d'évaluation |w(CaOODSP)9.640611 |
| 776 | 0#|tAboriginal Diabetes Initiative evaluation framework |w(CaOODSP)9.663971 |
| 791 | |t[Aboriginal Diabetes Initiative - evaluation framework] |eeng|w(CaOODSP)9.675815 |
| 856 | 40|ahttp://publications.gc.ca|qPDF|s275 Ko|uhttps://publications.gc.ca/collections/Collection/H35-4-20-2002S.pdf |